| 000 | 00664nam a2200217Ia 4500 | ||
|---|---|---|---|
| 005 | 20221123103247.0 | ||
| 008 | 210716s2007 xx 000 0 und d | ||
| 020 | _a8131501949 | ||
| 040 | _cAIMIT LIBRARY | ||
| 041 | _aeng | ||
| 082 |
_a621.395 _21 _bHWAE |
||
| 100 |
_aHwang, Enoch O. _963333 |
||
| 245 |
_aDigital logic microprocessor design with VHDL / _cBy Enoch O Hwang. |
||
| 250 | _a1st ed. | ||
| 260 |
_aNew Delhi : _bThomson , _c2007. |
||
| 300 |
_axvii,588p. ; _c23.5 cm. |
||
| 650 |
_aDesigning microprocessors _963334 |
||
| 650 |
_aDigital circuits _963335 |
||
| 650 |
_aImplementation technologies _963336 |
||
| 942 |
_2ddc _cBK _e1st _k621.395 HWAE |
||
| 999 |
_c189766 _d189766 |
||